000 00286nam a22001217a 4500
003 OSt
008 150321b xxu||||| |||| 00| 0 eng d
100 1 _aCastenholz, Bill J.
041 _aeng
245 1 0 _aAn introduction to revenue stamps
260 _bCastenholz & Sons
300 _a0 pages
999 _c1012
_d1012